000
00279nam a2200097Ia 4500
082
_a
158.1 MOMB
245
0
_a
Nou is altyd hier : waar le geluk?
100
_a
MOMBERG, Marthie Kaapstad, 2004 1ste uitg
_9
53115
942
_c
BK
008
210817s9999 xx 000 0 und d
999
_c
168756
_d
168755